00958nam a22002537a 45000010005000000030006000050050017000110080041000280200018000690400029000870500016001160820008001321000036001402450059001762500041002352600035002763000023003115050007003345200280003415210018006215210018006396500024006576500023006816061FISKH20250305084952.0250305b cb ||||| |||| 00| 0 eng d a9780545338707 aFISKHbengcFISKHdFISKH aPZ7.B9759 T a544 aButler, hillestad dorid(1965-) aThe truth about truman school /cDori hillestad butler aThis edition first published in 2011 aNew York :bScholastic,c2008. a170 pages :c20 cm aP  aTired of being told what to write by the school newspaper's advisor, Zibby and her friend Amr start an underground newspaper online where everyone is free to post anything, but things spiral out of control when a cyberbully starts using the site to harrass one popular girl. 8 a640 bLexile 8 aP bRaz-Plus  2BullyingaRealistic 2GossipaJournalism